000
00323nam a22001457a 4500
008
210528b ||||| |||| 00| 0 eng d
020
_a
0815149883
041
_a
eng
080
_a
617
082
_a
617
100
_a
6
101
_a
ANA
245
_a
Medical Problems and the Anaesthetist
_c
Kaufman,L
942
_2
udc
_c
BK
999
_c
57793
_d
57793